000 00431nam a2200157Ia 4500
005 20250408082158.0
008 231217s9999 xx 000 0 und d
020 _a9788131761397
082 _a658.8 RAM;1 R
100 _aRamesh Kumar S ed.
245 0 _aCase studies in marketing management
260 _c2012
_bDorling Kindersley
_aNew Delhi
300 _aviii, 378
650 _astudies,marketing,management
942 _cAA
999 _c192954
_d192954